000 00573nam a2200145Ia 4500
008 190807s9999 xx 000 0 und d
020 _a9781416627081
100 _aEdited by Costa, Arthur L.
245 _cEdited by Arthur L. Costa and Bena Kallick
_aNurturing habits of mind in early childhood:
_bsuccess stories from classrooms around the world/
260 _aAlexandria, Va.
_bASCD
_c2019
300 _axiii, 220 p. ;
_bill. :
_c280 cm.
500 _aIncludes bibliographical references and index
650 _aCognition in children
650 _aEarly childhood education
999 _c362019
_d362019